Warhammer Fantasy - wymień Książęta-Elektorów - Statystyki

Ogólne statystyki
  • Ten quiz został rozwiązany 8 razy
  • Średni wynik to 5 z 11
Statystyki odpowiedzi
Prowincja Odpowiedź % Poprawnych
Wielkie Księstwo Reiklandu Karl Franz
100%
Wielkie Księstwo Middenheim i Middenlandu Borys Todbringer
75%
Wielkie Księstwo Krainy Zgromadzenia Hisme Mężny
75%
Wielka Baronia Hochlandu Aldebrand Ludenhof
50%
Wielkie Księstwo Wissenlandu Emmanuelle von Liebowitz
50%
Wielkie Księstwo Ostlandu Valmir von Raukov
50%
Wielkie Księstwo Stirlandu Alberich Haupt-Anderssen
25%
Wielkie Księstwo Talabeklandu Helmut Feuerbach
25%
Wielkie Księstwo Averlandu Marius Leitdorf
25%
Wielka Baronia Nordlandu Theoderic Gausser
25%
Liga Ostermarku Wolfram Hertwig
25%
Nie znaleziono quizów pasujących do podanych kryteriów
Rozkład punktacji
Procent ludzi z każdym wynikiem
Percentyl według liczby udzielonych odpowiedzi
Twoja historia wyników
Nie rozwiązałeś tego quizu